Click - Retrouvez le réalisateur (Cinéma est-asiatique) - Statistiques

Statistiques générales
  • Ce quiz a été pris 9 fois
  • Le résultat moyen est 30 sur 48
Statistiques - réponses
Hint Réponse % Correct
Memories of Murder Bong Joon-ho
100%
Parasite Bong Joon-ho
89%
Okja Bong Joon-ho
89%
Mon voisin Totoro Hayao Miyazaki
89%
Princesse Mononoké Hayao Miyazaki
89%
Le Château ambulant Hayao Miyazaki
89%
Le Voyage de Chihiro Hayao Miyazaki
89%
Mission impossible 2 John Woo
89%
Les Sept Samouraïs Akira Kurosawa
78%
La Condition de l'homme Masaki Kobayashi
78%
Old Boy Park Chan-wook
78%
Mademoiselle Park Chan-wook
78%
L'Été de Kikujiro Takeshi Kitano
78%
In the Mood for Love Wong Kar-wai
78%
Les Anges déchus Wong Kar-wai
78%
Rashōmon Akira Kurosawa
67%
Mother Bong Joon-ho
67%
Nausicaä de la Vallée du Vent Hayao Miyazaki
67%
Nobody Knows Hirokazu Kore-eda
67%
The Killer John Woo
67%
Perfect Blue Satoshi Kon
67%
Paprika Satoshi Kon
67%
Tokyo Godfathers Satoshi Kon
67%
Hana-bi Takeshi Kitano
67%
Chungking Express Wong Kar-wai
67%
Été précoce Yasujirō Ozu
67%
Entre le ciel et l'enfer Akira Kurosawa
56%
L'Innocence Hirokazu Kore-eda
56%
Une affaire de famille Hirokazu Kore-eda
56%
Cure Kiyoshi Kurosawa
56%
Hara-kiri Masaki Kobayashi
56%
Kwaïdan Masaki Kobayashi
56%
Decision to Leave Park Chan-wook
56%
Lady Vengeance Park Chan-wook
56%
Sonatine, mélodie mortelle Takeshi Kitano
56%
2046 Wong Kar-wai
56%
Voyage à Tokyo Yasujirō Ozu
56%
Printemps tardif Yasujirō Ozu
56%
Le Goût du saké Yasujirō Ozu
56%
Ran Akira Kurosawa
44%
Le Syndicat du crime John Woo
44%
Tokyo Sonata Kiyoshi Kurosawa
44%
Rébellion Masaki Kobayashi
44%
Violent Cop Takeshi Kitano
44%
Zatōichi Takeshi Kitano
44%
À toute épreuve John Woo
33%
Le Garde du corps Akira Kurosawa
11%
Les Amants sacrifiés Kiyoshi Kurosawa
0%
Aucun quiz correspondant
Distribution des résultats
% des personnes avec chaque résultat
Percentile par nombre de réponses
Votre historique - résultats
Vous n’avez pas pris ce quiz